Routledge handbook on Islam in Asia / (Record no. 37485)

MARC details
000 -LEADER
fixed length control field 01868cam a22001818i 4500
020 ## - INTERNATIONAL STANDARD BOOK NUMBER
ISBN 9780367225285
041 ## - LANGUAGE CODE
Language code of text/sound track or separate title English.
082 00 - DEWEY DECIMAL CLASSIFICATION NUMBER
Classification number 297.095
Item number ROU-
245 00 - TITLE STATEMENT
Title Routledge handbook on Islam in Asia /
Statement of responsibility, etc edited by Chiara Formichi.
260 ## - PUBLICATION, DISTRIBUTION, ETC. (IMPRINT)
Place of publication New York :
Name of publisher Routledge,
Year of publication 2022.
300 ## - PHYSICAL DESCRIPTION
Number of Pages xvii, 369p.
504 ## - BIBLIOGRAPHY, ETC. NOTE
Bibliography, etc Includes bibliographical references and index.
520 ## - SUMMARY, ETC.
Summary, etc "The Routledge Handbook of Islam in Asia offers both new and established scholarship on Muslim societies and religious practices across Asia, from a variety of interdisciplinary angles, with chapters covering South, Central, East and Southeast Asia, as well as Africa-Asia connections. Presenting work grounded in archival, literary, and ethnographic inquiry, contributors to this handbook lend their expertise to paint a picture of Islam as deeply connected to and influenced by Asia, often by-passing or reversing relationships of power and authority that have placed 'Arab' Islam in a hierarchically superior position vis-à-vis Asia. This handbook is structured in four parts, each representing an emergent area of inquiry: Frames Authority and Authorizing Practices Muslim Spatialities Imaginations of Piety Dislodging ingrained assumptions that Asia is at the periphery of Islam - and that Islam is at the periphery of Asia's cultural matrix - this handbook sets an agenda against the 'centre-periphery' dichotomy, as well as the syncretism paradigm that has dominated conversations on Islam in Asia. It thus demonstrates possibilities for new scholarly approaches to the study of Islam within the 'Asian context'. This ground-breaking handbook is a valuable resource to students and scholars of Asian studies, religious studies, and cultural studies more broadly"--
546 ## - LANGUAGE NOTE
Language note English.
650 #0 - SUBJECT ADDED ENTRY--TOPICAL TERM
Topical Term Islam
Geographic subdivision Asia.
700 1# - ADDED ENTRY--PERSONAL NAME
Personal name Formichi, Chiara
Relator term editor.
942 ## - ADDED ENTRY ELEMENTS (KOHA)
Source of classification or shelving scheme Dewey Decimal Classification
Koha item type Books
Holdings
Withdrawn status Lost status Damaged status Not for loan Home library Current library Date acquired Source of acquisition Cost, normal purchase price Full call number Accession Number Cost, replacement price Price effective from Koha item type
        NASSDOC Library NASSDOC Library 16/04/2023 Overseas 0.00 297.095 ROU- 53183 0.00 04/05/2023 Books